00655 2200229 4500001002100000005001500021035002000036008004100056245010700097100001100204250001000215260003300225300003500258020002200293084001600315082001000331650002800341700000900369504002500378990001100403990001100414INLIS00000000001181820220617033750 a0010-0622000328220617 g 0 ind 1 aIndonesia Mendunia :bCandi Borobudur, Candi Prambanan dan Keajaiban yang Lain /cIsmadi; editor, Maya aISMADI acet.1 aYogyakarta :bRainbow,c2017 aiv, 44 hal. :bilus. ;c20 cm. a978-979-29-6173-7 a741.5 ISM i a741.5 4aCERITA BERGAMBAR. KOMIK0 aMAYA aBibliografi : hal.43 a7705 a a7705 b